Mujahid -e- islam tipu sultan shaheed (Record no. 573002)

000 -LEADER
fixed length control field 00389nam a22001577a 4500
003 - CONTROL NUMBER IDENTIFIER
control field CEME
005 - DATE AND TIME OF LATEST TRANSACTION
control field 20210628203309.0
008 - FIXED-LENGTH DATA ELEMENTS--GENERAL INFORMATION
fixed length control field 210119b xxu||||| |||| 00| 0 eng d
040 ## - CATALOGING SOURCE
Transcribing agency .
082 ## - DEWEY DECIMAL CLASSIFICATION NUMBER
Classification number 891.4393 SHA
100 ## - MAIN ENTRY--PERSONAL NAME
Personal name Shamim Ali Khan
9 (RLIN) 64546
245 ## - TITLE STATEMENT
Title Mujahid -e- islam tipu sultan shaheed
260 ## - PUBLICATION, DISTRIBUTION, ETC.
Place of publication, distribution, etc. LAHORE
Name of publisher, distributor, etc. ILAM-O-PUBLISHERS
Date of publication, distribution, etc. 2002
300 ## - PHYSICAL DESCRIPTION
Extent 154P
942 ## - ADDED ENTRY ELEMENTS (KOHA)
Koha item type Book
Source of classification or shelving scheme
Holdings
Withdrawn status Lost status Source of classification or shelving scheme Damaged status Not for loan Permanent Location Current Location Shelving location Date acquired Shelving control number Full call number Barcode Date last seen Price effective from Koha item type Public note
          College of Electrical & Mechanical Engineering (CEME) College of Electrical & Mechanical Engineering (CEME) Fiction 07/26/2017 Urdu Literature 891.4393 SHA CEME-45981 06/28/2021 06/28/2021 Book 1.0
© 2023 Central Library, National University of Sciences and Technology. All Rights Reserved.